000 00366nam a2200133Ia 4500
008 150202s9999 xx 000 0 und d
020 _a345310799
050 _aFIC
_bFIC
100 _aSmith, Martin Cruz .
245 _aStallion gate /
_cMartin Cruz Smith.
260 _aNew York :
_bBallantine Books,
_c1986.
300 _a374 pages :
_c18 cm.
650 _aFiction.
999 _c282407
_d282407